| 000 | 00445nam a2200193Ia 4500 | ||
|---|---|---|---|
| 003 | 0100 | ||
| 008 | 130227s9999 xx 000 0 und d | ||
| 040 | _cARRUPELIB | ||
| 050 | _aHB171.F774 | ||
| 245 | 4 | _aThe essence of Friedman | |
| 260 | _aStanford | ||
| 260 | _bHoover Institution Press | ||
| 260 | _C1987 | ||
| 300 | _a566p. | ||
| 300 | _b 23 cm | ||
| 650 | _bPastoral theology | ||
| 700 | _aLeube, Kurt R. (ed.) | ||
| 942 |
_2lcc _01 |
||
| 999 |
_c1875 _d1875 |
||